Mechanizace a automatizace výroby. Část 3, Text, tabulky /

Hlavní autor: Dostál, František, 1909-
Korporativní autor: Vojenská akademie Antonína Zápotockého
Jazyk: Čeština
Vydáno: Brno : Vojenská akademie Antonína Zápotockého, 1963
Vydání: 1. vyd.
Edice: Učební texty vysokých škol / Vojenská akademie Antonína Zápotockého
Fyzický popis: 41 s.
Knihy
Uloženo v:
LEADER 00904nam a2200229 a 4500
001 000597079
003 CZ BrMZK
005 20031126083542.0
007 ta
008 020426s1963 xr f cze d
040 |a BOA001  |b cze  |c BOA001 
100 1 |a Dostál, František,  |d 1909-  |7 jk01022791  |4 aut 
245 1 0 |a Mechanizace a automatizace výroby.  |n Část 3, Text, tabulky /  |c František Dostál 
250 |a 1. vyd. 
260 |a Brno :  |b Vojenská akademie Antonína Zápotockého,  |c 1963 
300 |a 41 s. 
490 1 |a Učební texty vysokých škol / Vojenská akademie Antonína Zápotockého 
710 2 |a Vojenská akademie Antonína Zápotockého  |7 kn20010709133 
810 2 |a Vojenská akademie Antonína Zápotockého.  |t Učební texty vysokých škol 
910 |a BOA001  |b 4-0599.989,3 
990 |a BK 
996 6 |b BC-23964  |c 4-0599.989,3  |l MZK  |r Sklad / do 1 hodiny  |n 0  |w 000597079  |u 000010  |a 1  |e BOA001  |j MZK50  |s P